| 000 | 00835nac a22002531u 4500 | ||
|---|---|---|---|
| 010 | _a 2003114595 | ||
| 020 | _a0324260393 (pkg.) | ||
| 020 | _a0324290659 (bk.) | ||
| 020 | _a0324359195 (pbk. : 2006 update) | ||
| 035 | _a(DLC) 2003114595 | ||
| 082 | 0 | 0 |
_a339 _bHAL |
| 090 |
_c8725 _d8725 |
||
| 100 | _aHall, Robert Ernest, | ||
| 245 | 1 | 0 |
_aMacroeconomics : _bprinciples and applications / _cRobert E. Hall, Marc Lieberman. |
| 250 | _a3rd ed. | ||
| 260 |
_aMason, OH : _bThomson/South-Western,c2006. _cc2006. |
||
| 300 |
_axxiii, 528, [14] p. : _bill. ; _c26 cm. |
||
| 500 | _aDistributer: Baccah. | ||
| 504 | _aIncludes bibliographical references and index. | ||
| 511 | _aCatalogued By: Mahitab. | ||
| 650 | 0 | _aMacroeconomics. | |
| 700 | 1 | _aLieberman, Marc. | |
| 942 |
_cBB _k339HAL |
||
| 999 |
_c8725 _d8725 |
||